Дурная компания (Запись № 4971926)

Подробности
000 -МАРКЕР
контрольное поле 02096nam0a22003371 4500
001 - ИДЕНТИФИКАТОР ЗАПИСИ
контрольное поле rc\213559
005 - ИДЕНТИФИКАТОР ВЕРСИИ
контрольное поле 20250620234152.0
010 ## - МЕЖДУНАРОДНЫЙ СТАНДАРТНЫЙ НОМЕР КНИГИ (ISBN)
Номер (ISBN) 5-300-00034-5
Уточнения Изд. центр "Терра"
Тираж 10000
035 ## - ДРУГИЕ СИСТЕМНЫЕ НОМЕРА
Идентификатор записи (NLR Aleph) 005462827
100 ## - ДАННЫЕ ОБЩЕЙ ОБРАБОТКИ
Данные общей обработки 20030307d1995 |||y0rusy50 ca
101 0# - ЯЗЫК РЕСУРСА
Язык текста, звукозаписи и т.д. русский
102 ## - СТРАНА ПУБЛИКАЦИИ ИЛИ ПРОИЗВОДСТВА
Страна публикации Российская Федерация
105 ## - ПОЛЕ КОДИРОВАННЫХ ДАННЫХ: ТЕКСТОВЫЕ МАТЕРИАЛЫ, МОНОГРАФИЧЕСКИЕ
Кодированные данные о монографическом текстовом документе a |||||||||
200 1# - ЗАГЛАВИЕ И СВЕДЕНИЯ ОБ ОТВЕТСТВЕННОСТИ
Основное заглавие Дурная компания
Сведения, относящиеся к заглавию [Сборник]
Первые сведения об ответственности Юр. Юркин
Последующие сведения об ответственности [Вступ. ст. В.К. Кондратьева
-- Сост., подгот. текста и примеч. П.В. Дмитриева, Г.А. Морева
-- Худож. А. Ноздрин]
210 ## - ПУБЛИКАЦИЯ, РАСПРОСТРАНЕНИЕ И ДР.
Место издания, распространения и т.д. [М.]
Имя издателя, распространителя и т. д. Изд. центр "Терра"
Место издания, распространения и т.д. СПб.
Имя издателя, распространителя и т. д. Азбука
Дата издания, распространения и т.д. 1995
215 ## - ФИЗИЧЕСКАЯ ХАРАКТЕРИСТИКА
Специфическое обозначение материала и объем 508, [1] с.
Другие сведения о физической характеристике ил.
Размеры 22
225 1# - СЕРИЯ
Основное заглавие серии Галерея
327 1# - ПРИМЕЧАНИЯ О СОДЕРЖАНИИ
Текст примечания Содерж.: Шведские перчатки: Роман; Дурная компания; Клуб благотворительных скелетов; Рассказы, написанные на Кирочной ул., в доме под № 48; Несобранная проза
-- В прил.: О Юрочке / О.Н. Гильдебрандт
464 #0 - АНАЛИТИЧЕСКИЙ УРОВЕНЬ
Встроенное поле 2001#$aШведские перчатки
Заглавие Шведские перчатки
464 #0 - АНАЛИТИЧЕСКИЙ УРОВЕНЬ
Встроенное поле 2001#$aДурная компания
Заглавие Дурная компания
464 #0 - АНАЛИТИЧЕСКИЙ УРОВЕНЬ
Встроенное поле 2001#$aКлуб благотворительных скелетов
Заглавие Клуб благотворительных скелетов
464 #0 - АНАЛИТИЧЕСКИЙ УРОВЕНЬ
Встроенное поле 2001#$aРассказы, написанные на Кирочной ул., в доме под № 48
Заглавие Рассказы, написанные на Кирочной ул., в доме под № 48
464 #0 - АНАЛИТИЧЕСКИЙ УРОВЕНЬ
Встроенное поле 2001#$aНесобранная проза
Заглавие Несобранная проза
464 #0 - АНАЛИТИЧЕСКИЙ УРОВЕНЬ
Встроенное поле 2001#$aО Юрочке
-- 700#1$aГильдебрандт$bО.Н.
Заглавие О Юрочке
Автор Гильдебрандт, О.Н.
700 #1 - ИМЯ ЛИЦА - ПЕРВИЧНАЯ ОТВЕТСТВЕННОСТЬ
Начальный элемент ввода Юркун
Часть имени, кроме начального элемента ввода Ю.И.
Даты 1895-1938
Расширение инициалов личного имени Юрий Иванович
801 #0 - ИСТОЧНИК ЗАПИСИ
Страна Российская Федерация
Организация NLR
Правила каталогизации psbo
801 #1 - ИСТОЧНИК ЗАПИСИ
Страна Российская Федерация
Организация ELAR
Источник данных rusmarc
852 ## - МЕСТОНАХОЖДЕНИЕ И ШИФР ХРАНЕНИЯ
Идентификатор организации NLR
Шифр хранения (Call Number) 95-3/5102
942 ## - ДОПОЛНИТЕЛЬНЫЕ ЭЛЕМЕНТЫ ЗАПИСИ (АБИС)
Тип экземпляра АБИС Книга
980 ## - КОЛЛЕКЦИЯ
Название коллекции Национальная библиография
Экземпляры
Тип экземпляра Дата поступления Библиотека постоянного хранения Библиотека текущего хранения Место хранения Шифр хранения Штрих-код Статус экземпляра Источник поступления
Книга 26.10.2013 РНБ (Московский) РНБ (Московский) Русский книжный фонд: издания с 1957 года 95-3/5102 1-1403052    
Книга 18.03.2014 РНБ (Садовая) РНБ (Садовая) Фонд научного зала литературы и искусства Нз Ш6(2=Р)/Ю-759 1-334789   Подсобные фонды РНБ